| 000 | 00777nam a2200229Ii 4500 | ||
|---|---|---|---|
| 003 | JO-AjNU | ||
| 008 | 230605s9999||||xx |||||||||||||| ||und|| | ||
| 017 | _a2018/5/2366 | ||
| 020 | _a978-9957-686-86-4 | ||
| 040 |
_aJO-AjNU _bara _erda _cJO-AjNU |
||
| 041 | _aara | ||
| 050 | 1 | 4 | _aP121.Q276 2019 |
| 100 | 3 |
_aالقاسمي، محمد, _eauthor _958597 |
|
| 245 | 0 | 0 | _aدراسات معاصرة في اللسانيات والتداوليات |
| 250 | _aط1 | ||
| 264 | 3 | 1 | _aإربد: عالم الكتب الحديث للنشر والتوزيع، 2019 |
| 300 | _a326ص | ||
| 336 |
_atext _btxt _2rdacontent |
||
| 337 |
_aunmediated _bn _2rdamedia |
||
| 338 |
_avolume _bnc _2rdacarrier |
||
| 650 | 4 |
_aاللغة العربية - لسانيات - تداوليات _958598 |
|
| 999 |
_aA26322 _c29890 _d29890 |
||